khwabo se haqiqat tak / خوابوں سے حقیقت تک (Urdu) / (Record no. 593243)
[ view plain ]
| 000 -LEADER | |
|---|---|
| fixed length control field | 00341nam a22001217a 4500 |
| 040 ## - CATALOGING SOURCE | |
| Transcribing agency | NUST |
| 082 ## - DEWEY DECIMAL CLASSIFICATION NUMBER | |
| Classification number | 158.1,WIT |
| 100 ## - MAIN ENTRY--PERSONAL NAME | |
| Personal name | witli, Dr.Denis |
| 9 (RLIN) | 108985 |
| 245 ## - TITLE STATEMENT | |
| Title | khwabo se haqiqat tak / خوابوں سے حقیقت تک (Urdu) / |
| Statement of responsibility, etc. | Dr.Denis witli |
| 260 ## - PUBLICATION, DISTRIBUTION, ETC. | |
| Place of publication, distribution, etc. | Rawalpindi |
| Name of publisher, distributor, etc. | SBC |
| Date of publication, distribution, etc. | 2012 |
| 300 ## - PHYSICAL DESCRIPTION | |
| Extent | 170 p.; |
| 942 ## - ADDED ENTRY ELEMENTS (KOHA) | |
| Source of classification or shelving scheme | |
| Koha item type | Book |
| Call number prefix | 158.1.WIT |
| Withdrawn status | Lost status | Source of classification or shelving scheme | Damaged status | Not for loan | Permanent Location | Current Location | Shelving location | Date acquired | Total Checkouts | Full call number | Barcode | Date last seen | Price effective from | Koha item type | Public note |
|---|---|---|---|---|---|---|---|---|---|---|---|---|---|---|---|
| Military College of Signals (MCS) | Military College of Signals (MCS) | General Stacks | 02/13/2023 | 158.1,WIT | MCS37918 | 02/13/2023 | 02/13/2023 | Book | Almirah No.63, Shelf No.1 |
